Psicología contemporánea: disciplina, profesión, formación
Shranjeno v:
| Main Authors: | , , |
|---|---|
| Format: | Knjiga |
| Jezik: | španščina |
| Izdano: |
Santiago
Universidad Católica Cardenal Raúl Silva Henríquez
2000
|
| Teme: | |
| Oznake: |
Označite
Brez oznak, prvi označite!
|
MARC
| LEADER | 00000nam a2200000 a 4500 | ||
|---|---|---|---|
| 001 | UCH0627 | ||
| 003 | CL-VaPUC | ||
| 008 | 090320e20000000CL |||||||||||||||||spa|d | ||
| 020 | |a 9567947015 | ||
| 082 | 0 | 4 | |a 150 |b MIR |2 21 |
| 100 | |a Miranda Hiriart, Gonzalo |e autor |9 534887 | ||
| 700 | 0 | |a Calderón Galaz, Ricardo |e author |9 534888 | |
| 700 | 0 | |a Burgueño Gutiérrez, Ximena |e author |9 534889 | |
| 245 | 1 | 0 | |a Psicología contemporánea: disciplina, profesión, formación |
| 300 | |a 139 p | ||
| 942 | |c BK | ||
| 945 | |d 20090320 00:00:00 |a rbrito | ||
| 260 | |a Santiago |b Universidad Católica Cardenal Raúl Silva Henríquez |c 2000 | ||
| 650 | 0 | |a Psicología |9 257863 | |
| 650 | 0 | |a Formación profesional |9 257232 | |
| 650 | 7 | |a PSICOLOGOS |2 CL-VaPUC |9 334949 | |
| 583 | |a last modification |c 20130101 10:24:47 |k Rodrigo Vera | ||
| 999 | |c 332909 |d 332907 | ||
| 952 | |0 0 |1 0 |4 0 |6 150_000000000000000_MIR_2000 |7 0 |8 A |9 420967 |a BIBEDU |b BIBEDU |d 2019-11-22 |i 4522362 |o 150 MIR 2000 |p 4522362 |r 2019-11-22 |w 2019-11-22 |y BK |k PSI | ||